| 000 | 00000nam 2200000za 4500 |
| 001 | 9.828511 |
| 003 | CaOODSP |
| 005 | 20221107145048 |
| 007 | cr ||||||||||| |
| 008 | 161201s2017 oncao #o f000 0 eng d |
| 020 | |a978-0-660-06968-5 |
| 040 | |aCaOODSP|beng |
| 043 | |an-cn--- |
| 086 | 1 |aFo4-95/2016E-PDF |
| 245 | 00|aLignin-based polyurethane products |h[electronic resource] : |ba technology worth replicating. |
| 260 | |a[Ottawa] : |bNatural Resources Canada, |cc2017. |
| 300 | |a[2] p. : |bill., photos |
| 500 | |aTitle from caption. |
| 500 | |aIssued also in French under title:Produits en polyuréthane fabriqués à partir d’un mélange de lignines et d’isocyanates : une technologie qui mérite d’être reproduite. |
| 520 | |a"Enerlab 2000 has developed a process that incorporates large amounts of lignin in polyurethane production. This polyurethane can be used to produce polyurethane foam with up to 25% lignin content. This foam can then be used in a variety of applications, such as structural insulated panels, foam insulation, and other non-structural applications (e.g. transportation industries)"--Success story, p. [1]. |
| 692 | 07|2gccst|aConstruction materials |
| 692 | 07|2gccst|aTechnological innovation |
| 692 | 07|2gccst|aProduction |
| 710 | 1 |aCanada. |bNatural Resources Canada. |
| 775 | 08|tProduits en polyuréthane fabriqués à partir d’un mélange de lignines et d’isocyanates |w(CaOODSP)9.828512 |
| 856 | 40|qPDF|s1.14 MB|uhttps://publications.gc.ca/collections/collection_2018/rncan-nrcan/Fo4-95-2016-eng.pdf |